[Event "FIN-chT2 Gp4 1819"]
[Site "Finland"]
[Date "2018.11.10"]
[Round "4.4"]
[White "Piirto, Tomi"]
[Black "Linna, Asko"]
[Result "1-0"]
[WhiteElo "1795"]
[BlackElo "1932"]
[PlyCount "117"]
[EventDate "2018.09.15"]
[EventType "team-tourn"]
[EventRounds "6"]
[EventCountry "FIN"]
[SourceTitle "EXT 2020"]
[Source "ChessBase"]
[SourceDate "2019.10.17"]
[SourceVersion "1"]
[SourceVersionDate "2019.10.17"]
[SourceQuality "1"]
[WhiteTeam "Seinajoki"]
[BlackTeam "Kokkola SK"]
[WhiteTeamCountry "FIN"]
[BlackTeamCountry "FIN"]

1. e4 c6 2. d4 d5 3. exd5 cxd5 4. Bd3 Nc6 5. c3 Nf6 6. Bf4 Bg4 7. Qb3 Qd7 8. Nd2 Bh5 9. Ngf3 Bg6 10. Bb5 a6 11. Ne5 Qe6 12. Bxc6+ bxc6 13. Qa4 Nh5 14. Be3 f6 15. Qxc6+ Qxc6 16. Nxc6 f5 17. Nf3 Nf6 18. 0-0 Rc8 19. Nfe5 Bf7 20. Rfe1 e6 21. Bf4 Be7 22. Re2 Nd7 23. Rae1 Nxe5 24. Nxe5 Bg8 25. Nf3 h6 26. Ne5 g5 27. Bc1 Bd6 28. Nd3 Kd7 29. Bd2 Bf7 30. b4 Rb8 31. Rb1 Rhe8 32. Ree1 Bg6 33. Nc5+ Bxc5 34. dxc5 f4 35. Ra1 Bf5 36. a3 Bd3 37. Rad1 Bc4 38. Re5 Rg8 39. f3 Rg6 40. Kf2 Rf8 41. Rh1 Rf7 42. g4 fxg3+ 43. hxg3 Rf5 44. Rxf5 exf5 45. Re1 Bb3 46. Ke3 Re6+ 47. Kd4 Rxe1 48. Bxe1 Ke6 49. Bd2 Bd1 50. f4 g4 51. c6 Bb3 52. Kc5 Ba4 53. Be3 Bb5 54. Bd4 h5 55. Be5 h4 56. gxh4 g3 57. Bd4 g2 58. h5 Ke7 59. Kxd5 1-0

[Event "FIN-chT2 Gp4 1819"]
[Site "Finland"]
[Date "2018.09.15"]
[Round "1.3"]
[White "Linna, Asko"]
[Black "Riihimaki, Pekka"]
[Result "1-0"]
[WhiteElo "1932"]
[BlackElo "1938"]
[PlyCount "63"]
[EventDate "2018.09.15"]
[EventType "team-tourn"]
[EventRounds "6"]
[EventCountry "FIN"]
[SourceTitle "EXT 2020"]
[Source "ChessBase"]
[SourceDate "2019.10.17"]
[SourceVersion "1"]
[SourceVersionDate "2019.10.17"]
[SourceQuality "1"]
[WhiteTeam "Kokkola SK"]
[BlackTeam "Kankaanpaa SK"]
[WhiteTeamCountry "FIN"]
[BlackTeamCountry "FIN"]

1. Nc3 c5 2. Nf3 Nc6 3. d4 cxd4 4. Nxd4 e6 5. g3 Nf6 6. Bg2 Be7 7. 0-0 0-0 8. e4 Qc7 9. Ndb5 Qb8 10. Be3 a6 11. Nd4 Qc7 12. Qe2 Ne5 13. Bf4 d6 14. Nd1 Bd7 15. b3 b5 16. Bxe5 dxe5 17. Nf3 Bc6 18. Ne1 Qb7 19. f3 g6 20. Nd3 Nd7 21. Kh1 b4 22. N1f2 Rad8 23. Ng4 f6 24. Rad1 h5 25. Ne3 Kg7 26. Nc4 Bb5 27. Ncb2 Nc5 28. Qe3 Nxd3 29. Nxd3 Bxd3 30. Rxd3 Rxd3 31. cxd3 Bc5 32. Qxc5 1-0

[Event "Kuopio op-B 40th"]
[Site "Kuopio"]
[Date "2018.04.28"]
[Round "2"]
[White "Mustonen, Tapani"]
[Black "Linna, Asko"]
[Result "1-0"]
[WhiteElo "1901"]
[BlackElo "1941"]
[PlyCount "103"]
[EventDate "2018.04.28"]
[EventType "swiss"]
[EventRounds "4"]
[EventCountry "FIN"]
[SourceTitle "EXT 2022"]
[Source "ChessBase"]
[SourceDate "2021.10.06"]
[SourceVersion "1"]
[SourceVersionDate "2021.10.06"]
[SourceQuality "1"]

1. d4 Nf6 2. Bg5 d5 3. Bxf6 exf6 4. g3 c6 5. e3 Bf5 6. Nd2 Qb6 7. Qc1 Be7 8. Bg2 0-0 9. Ne2 Na6 10. a3 Qd8 11. c4 Rc8 12. 0-0 Qd7 13. b4 Nc7 14. Rd1 Rfe8 15. Qb2 Bd3 16. Nf4 Bxc4 17. Nxc4 dxc4 18. d5 cxd5 19. Nxd5 Nxd5 20. Bxd5 Qb5 21. Rac1 Red8 22. e4 f5 23. Qe5 Kf8 24. Qxf5 Qe8 25. Qxh7 Bf6 26. Bxb7 Rxd1+ 27. Rxd1 Rc7 28. Bd5 g6 29. Qh6+ Bg7 30. Qf4 Qe5 31. Qxe5 Bxe5 32. Rd2 c3 33. Rc2 f6 34. h4 Bd6 35. Kf1 g5 36. hxg5 fxg5 37. Ke2 Ke7 38. Ke3 a5 39. bxa5 Bxa3 40. a6 Kd6 41. Kd3 Bb2 42. Bb7 Rd7 43. Ke3 Kc7 44. f4 gxf4+ 45. gxf4 Rh7 46. e5 Rh3+ 47. Ke4 Ba3 48. f5 Bc5 49. Kd5 Bb4 50. f6 Rh5 51. Ke6 Rh6 52. Kf7 1-0

[Event "Kuopio We KSY"]
[Site "Kuopio"]
[Date "2017.04.29"]
[Round "2"]
[White "Kinnunen, Markku"]
[Black "Linna, Asko"]
[Result "1-0"]
[WhiteElo "1971"]
[BlackElo "1962"]
[PlyCount "89"]
[EventDate "2017.04.29"]
[EventType "swiss"]
[EventRounds "5"]
[EventCountry "FIN"]
[SourceTitle "EXT 2022"]
[Source "ChessBase"]
[SourceDate "2021.10.06"]
[SourceVersion "1"]
[SourceVersionDate "2021.10.06"]
[SourceQuality "1"]

1. b3 e5 2. Bb2 Nf6 3. Bxe5 Nc6 4. Bb2 d5 5. e3 Bd6 6. Bb5 a6 7. Bxc6+ bxc6 8. h3 Bf5 9. d3 Bb4+ 10. Nd2 Qd6 11. a3 Ba5 12. Ngf3 Bb6 13. 0-0 0-0-0 14. Ne5 Qe6 15. Qf3 Rd6 16. Nxf7 Qxf7 17. Qxf5+ Kb7 18. e4 dxe4 19. Nxe4 Rd5 20. Qf3 Qg6 21. Bxf6 Rf5 22. Qe2 gxf6 23. Kh2 h5 24. f4 Rg8 25. c3 Qh6 26. g3 h4 27. Qf3 hxg3+ 28. Nxg3 Rd5 29. d4 Rh8 30. Qg2 Rd7 31. Rf3 Rg7 32. Qf1 Rgh7 33. Ne2 c5 34. Qg2 c6 35. Rg1 cxd4 36. cxd4 Bc7 37. Qg6 Re7 38. Qd3 Rhe8 39. Rg2 Re4 40. d5 cxd5 41. Qxd5+ Kb8 42. Qd3 Bxf4+ 43. Nxf4 Re3 44. Qd6+ Ka8 45. Rxe3 1-0

[Event "Kokkola We KokkSK"]
[Site "Kokkola"]
[Date "2017.03.18"]
[Round "2"]
[White "Ronka, Erik"]
[Black "Linna, Asko"]
[Result "1-0"]
[WhiteElo "2275"]
[BlackElo "1962"]
[PlyCount "63"]
[EventDate "2017.03.18"]
[EventType "swiss"]
[EventRounds "5"]
[EventCountry "FIN"]
[SourceTitle "EXT 2022"]
[Source "ChessBase"]
[SourceDate "2021.10.06"]
[SourceVersion "1"]
[SourceVersionDate "2021.10.06"]
[SourceQuality "1"]

1. d4 Nf6 2. c4 e6 3. Nc3 Bb4 4. a3 Bxc3+ 5. bxc3 0-0 6. f3 c5 7. e4 Qa5 8. Bd2 d6 9. Bd3 Nbd7 10. Ne2 Qc7 11. g4 Nb6 12. Rc1 Bd7 13. Ng3 e5 14. d5 Nc8 15. Qe2 Ne8 16. h4 Qa5 17. 0-0 Qd8 18. g5 Bh3 19. Rf2 Ne7 20. Rh2 Bd7 21. h5 f6 22. f4 fxg5 23. fxg5 Nc7 24. g6 h6 25. Rf1 Rxf1+ 26. Qxf1 Kh8 27. Bxh6 Qg8 28. Bg5 Rf8 29. Qe2 Nc8 30. Nf5 Bxf5 31. exf5 Ne8 32. h6 1-0

[Event "Raahe We RaahLi"]
[Site "Raahe"]
[Date "2016.11.06"]
[Round "4"]
[White "Alho, Mikko"]
[Black "Linna, Asko"]
[Result "0-1"]
[WhiteElo "2084"]
[BlackElo "1939"]
[PlyCount "64"]
[EventDate "2016.11.05"]
[EventType "swiss"]
[EventRounds "5"]
[EventCountry "FIN"]
[SourceTitle "EXT 2022"]
[Source "ChessBase"]
[SourceDate "2021.10.06"]
[SourceVersion "1"]
[SourceVersionDate "2021.10.06"]
[SourceQuality "1"]

1. e4 c6 2. d4 d5 3. e5 Bf5 4. Nf3 e6 5. Be2 Nd7 6. 0-0 h6 7. c3 Ne7 8. a4 Nc8 9. b4 b6 10. Ba3 a6 11. b5 Bxa3 12. Nxa3 axb5 13. axb5 c5 14. c4 Ne7 15. Qb3 cxd4 16. Nxd4 Nc5 17. Qe3 Be4 18. f3 Bg6 19. g4 0-0 20. f4 Be4 21. f5 Qc7 22. Qg3 Rad8 23. fxe6 fxe6 24. Rxf8+ Rxf8 25. Rc1 Ng6 26. Nc6 Nf4 27. Bf1 Bg2 28. Qe3 Be4 29. Rd1 Qf7 30. Nb1 Ncd3 31. Nc3 Nf2 32. Re1 N2h3+ 0-1

[Event "Raahe We RaahLi"]
[Site "Raahe"]
[Date "2016.11.06"]
[Round "5"]
[White "Linna, Asko"]
[Black "Sammalvuo, Tapani"]
[Result "0-1"]
[WhiteElo "1939"]
[BlackElo "2431"]
[PlyCount "70"]
[EventDate "2016.11.05"]
[EventType "swiss"]
[EventRounds "5"]
[EventCountry "FIN"]
[SourceTitle "EXT 2022"]
[Source "ChessBase"]
[SourceDate "2021.10.06"]
[SourceVersion "1"]
[SourceVersionDate "2021.10.06"]
[SourceQuality "1"]

1. d4 Nf6 2. c4 e6 3. g3 d5 4. Bg2 Be7 5. Nf3 0-0 6. 0-0 dxc4 7. Qc2 a6 8. Qxc4 b5 9. Qc2 Bb7 10. Bd2 Be4 11. Qc1 Nbd7 12. Ba5 Rc8 13. Nbd2 Ba8 14. Nb3 Qe8 15. Qd2 Ne4 16. Qe1 Nb6 17. Nfd2 Nxd2 18. Nxd2 Bxg2 19. Kxg2 Qd7 20. e3 b4 21. Bxb6 cxb6 22. b3 Rc2 23. Kg1 b5 24. Qd1 Qc6 25. Rc1 Rc8 26. Rxc2 Qxc2 27. Qxc2 Rxc2 28. Ne4 a5 29. Rd1 Rxa2 30. Rc1 f5 31. Nc5 a4 32. bxa4 Bxc5 33. dxc5 b3 34. axb5 b2 35. Rb1 Ra1 0-1